[Event "Blagoevgrad op"]
[Site "Blagoevgrad"]
[Date "2013.10.02"]
[Round "7"]
[White "Evstatiev, Georgi"]
[Black "Athanasiadis, Mixalis"]
[Result "1-0"]
[WhiteElo "2147"]
[BlackElo "2066"]
[PlyCount "105"]
[EventDate "2013.09.28"]
[EventType "swiss"]
[EventRounds "9"]
[EventCountry "BUL"]
[SourceTitle "CBM 156 Extra"]
[Source "ChessBase"]
[SourceDate "2013.10.22"]
[SourceVersion "1"]
[SourceVersionDate "2013.10.22"]
[SourceQuality "1"]

1. d4 e6 2. c4 d5 3. Nc3 c6 4. e3 Nf6 5. Nf3 Nbd7 6. Bd3 Bd6 7. 0-0 0-0 8. e4 dxe4 9. Nxe4 Nxe4 10. Bxe4 e5 11. dxe5 Nxe5 12. Nxe5 Bxe5 13. Bxh7+ Kxh7 14. Qh5+ Kg8 15. Qxe5 Qh4 16. b3 Be6 17. Bb2 Qg4 18. Rae1 Rad8 19. Re3 Rd1 20. Rxd1 Qxd1+ 21. Re1 Qg4 22. h3 Qg6 23. Re3 Kh7 24. Rg3 Qb1+ 25. Kh2 f6 26. Qc5 Rf7 27. Bd4 Qf5 28. Qxf5+ Bxf5 29. Bxa7 b5 30. Bb6 bxc4 31. bxc4 Be6 32. Rc3 Rb7 33. Bc5 Rb2 34. a3 Re2 35. Be3 Ra2 36. Kg3 g5 37. Kf3 Bf5 38. g4 Bc2 39. Bd4 Kg6 40. Re3 Bd1+ 41. Kg3 Kf7 42. Bc5 Rc2 43. Re7+ Kg6 44. Rc7 Rxc4 45. Bf8 Rc3+ 46. Kh2 Bc2 47. Rg7+ Kh6 48. a4 Rc4 49. a5 Ra4 50. a6 Be4 51. a7 c5 52. Re7+ Kg6 53. Rxe4 1-0

[Event "Blagoevgrad op"]
[Site "Blagoevgrad"]
[Date "2013.09.28"]
[Round "1"]
[White "Malinov, Boyan"]
[Black "Athanasiadis, Mixalis"]
[Result "0-1"]
[WhiteElo "1650"]
[BlackElo "2066"]
[PlyCount "76"]
[EventDate "2013.09.28"]
[EventType "swiss"]
[EventRounds "9"]
[EventCountry "BUL"]
[SourceTitle "CBM 156 Extra"]
[Source "ChessBase"]
[SourceDate "2013.10.22"]
[SourceVersion "1"]
[SourceVersionDate "2013.10.22"]
[SourceQuality "1"]

1. e4 e6 2. d4 d5 3. Nc3 Nf6 4. e5 Nfd7 5. f4 c5 6. Be3 Nc6 7. Bb5 Qb6 8. Nge2 a6 9. Bxc6 bxc6 10. 0-0 cxd4 11. Bxd4 c5 12. Bf2 Bb7 13. Qd3 a5 14. Qb5 Ba6 15. Qa4 d4 16. Rfd1 Ra7 17. Rd2 dxc3 18. Nxc3 Be7 19. Rad1 Bc8 20. Nb5 Rb7 21. Nd6+ Bxd6 22. Rxd6 Qb5 23. Qe4 0-0 24. b3 Rc7 25. c4 Qb7 26. Qxb7 Rxb7 27. Ra6 Rc7 28. Rxa5 Bb7 29. Rd6 Rfc8 30. Ra7 Kf8 31. a4 Ke8 32. a5 Be4 33. Rxc7 Rxc7 34. a6 Bc2 35. b4 cxb4 36. c5 b3 37. a7 Rxa7 38. c6 Ra1+ 0-1

[Event "Chalkidiki op"]
[Site "Chalkidiki"]
[Date "2008.05.02"]
[Round "5"]
[White "Gocheva, Rumiana B"]
[Black "Athanasiadis, Mixalis"]
[Result "1-0"]
[WhiteElo "2204"]
[BlackElo "2054"]
[PlyCount "99"]
[EventDate "2008.04.29"]
[EventType "swiss"]
[EventRounds "9"]
[EventCountry "GRE"]
[SourceTitle "CBM 123 Extra"]
[Source "ChessBase"]
[SourceDate "2008.05.06"]
[SourceVersion "1"]
[SourceVersionDate "2008.05.06"]
[SourceQuality "1"]

1. e4 e6 2. d3 d5 3. Nd2 Nf6 4. Ngf3 Be7 5. g3 0-0 6. Bg2 c5 7. 0-0 Nc6 8. Re1 b5 9. e5 Nd7 10. c3 b4 11. Nf1 Ba6 12. h4 Rb8 13. N1h2 bxc3 14. bxc3 Qa5 15. Bd2 c4 16. d4 Rb2 17. Ng5 Rfb8 18. Qh5 Bxg5 19. Qxg5 Qd8 20. Qf4 Rc2 21. Rec1 Rbb2 22. Rxc2 Rxc2 23. Bf3 f5 24. exf6 Nxf6 25. Bd1 Rb2 26. Bc1 Rb7 27. f3 Qb8 28. g4 Qxf4 29. Bxf4 Rb2 30. Nf1 Nd7 31. Ne3 Bb7 32. Nc2 e5 33. Bc1 Rb6 34. dxe5 Ncxe5 35. Be3 Ra6 36. a4 Ra5 37. Bd4 Nd3 38. Nb4 N7c5 39. Bc2 Nb2 40. Re1 Kf7 41. Bxh7 Nbxa4 42. h5 Ne6 43. Bg6+ Ke7 44. Bf5 Nac5 45. Bxc5+ Rxc5 46. Rxe6+ Kd8 47. Rd6+ Kc7 48. Rd7+ Kb6 49. Rxg7 a5 50. Nc2 1-0

[Event "Chalkidiki op"]
[Site "Chalkidiki"]
[Date "2008.04.30"]
[Round "3"]
[White "Nikolaou, Georgios"]
[Black "Athanasiadis, Mixalis"]
[Result "1-0"]
[WhiteElo "2271"]
[BlackElo "2054"]
[PlyCount "79"]
[EventDate "2008.04.29"]
[EventType "swiss"]
[EventRounds "9"]
[EventCountry "GRE"]
[SourceTitle "CBM 123 Extra"]
[Source "ChessBase"]
[SourceDate "2008.05.06"]
[SourceVersion "1"]
[SourceVersionDate "2008.05.06"]
[SourceQuality "1"]

1. Nf3 e6 2. d3 c5 3. g3 Nf6 4. Bg2 d5 5. 0-0 Be7 6. c3 0-0 7. Qc2 b5 8. a4 b4 9. cxb4 cxb4 10. Bf4 Ba6 11. Ne5 Nfd7 12. Rc1 Nxe5 13. Bxe5 Bf6 14. Bxf6 Qxf6 15. Nd2 Nd7 16. Nb3 Rac8 17. Qd2 h5 18. Na5 Ne5 19. Qf4 Bxd3 20. Qxf6 gxf6 21. exd3 Nxd3 22. Rc6 Nxb2 23. Bf1 e5 24. Bb5 e4 25. Rb1 Nd3 26. Bxd3 exd3 27. Rxb4 Rb8 28. Rd4 Rfe8 29. Rxd3 Rb4 30. Rxf6 Re6 31. Rf5 h4 32. Kg2 hxg3 33. hxg3 d4 34. Rd5 Ra6 35. Nb3 Raxa4 36. Nxd4 Rb2 37. Nf5 Raa2 38. Rf3 a5 39. Rd8+ Kh7 40. Ne7 1-0

[Event "Chalkidiki op"]
[Site "Chalkidiki"]
[Date "2008.04.29"]
[Round "1"]
[White "Bayram, Yakup"]
[Black "Athanasiadis, Mixalis"]
[Result "0-1"]
[WhiteElo "2337"]
[BlackElo "2054"]
[PlyCount "102"]
[EventDate "2008.04.29"]
[EventType "swiss"]
[EventRounds "9"]
[EventCountry "GRE"]
[SourceTitle "CBM 123 Extra"]
[Source "ChessBase"]
[SourceDate "2008.05.06"]
[SourceVersion "1"]
[SourceVersionDate "2008.05.06"]
[SourceQuality "1"]

1. d4 e6 2. c4 f5 3. g3 Nf6 4. Bg2 Be7 5. Nf3 0-0 6. 0-0 d6 7. b4 Qe8 8. Bb2 Qh5 9. Nbd2 Nbd7 10. Ne1 f4 11. gxf4 e5 12. e4 Qh4 13. f5 exd4 14. Bxd4 c5 15. Be3 Ng4 16. Bf4 cxb4 17. Rb1 a5 18. Bg3 Qh6 19. Qe2 Nge5 20. f4 Nc6 21. Kh1 Bh4 22. Bxh4 Qxh4 23. Nd3 Nc5 24. Qe3 Na4 25. Rf3 Nc3 26. Rg1 Qe7 27. Rg3 Rf7 28. c5 d5 29. f6 Qxf6 30. exd5 Ne7 31. Ne4 Nxe4 32. Bxe4 Nf5 33. Bxf5 Bxf5 34. Ne5 Re8 35. Ng4 Qd8 36. Qd4 Be4+ 37. R1g2 Bxd5 38. Nf6+ Rxf6 39. Rxg7+ Kf8 40. Kg1 Bxg2 41. Rd7 Qxd7 42. Qxd7 Be4 43. h4 h5 44. Kh2 a4 45. Qd4 Rfe6 46. c6 Bxc6 47. Qc5+ Kg7 48. Qxh5 Rg6 49. Qc5 Re1 50. Qd4+ Kh7 51. Qd3 Rh1# 0-1

[Event "Kalamaria op"]
[Site "Kalamaria"]
[Date "2004.04.25"]
[Round "9.8"]
[White "Sarikas, Sotirious"]
[Black "Athanasiadis, Mixalis"]
[Result "1-0"]
[WhiteElo "2013"]
[BlackElo "2045"]
[PlyCount "85"]
[EventDate "2004.04.25"]
[EventType "swiss"]
[EventRounds "9"]
[EventCountry "GRE"]
[SourceTitle "EXT 2024"]
[Source "ChessBase"]
[SourceDate "2023.10.10"]
[SourceVersion "1"]
[SourceVersionDate "2023.10.10"]
[SourceQuality "1"]

1. e4 c5 2. Nf3 e6 3. d4 cxd4 4. Nxd4 Nf6 5. Nc3 Nc6 6. Be3 Bb4 7. Bd3 d5 8. Nxc6 bxc6 9. Bg5 Qa5 10. Bxf6 gxf6 11. 0-0 Bxc3 12. bxc3 Qxc3 13. exd5 cxd5 14. Rb1 Bd7 15. Rb3 Qc7 16. Qf3 f5 17. Rfb1 Bc6 18. Qe2 0-0 19. Qh5 Kh8 20. Re1 Rg8 21. Bf1 Rad8 22. Rh3 Rg7 23. Qh4 Rd6 24. Qf6 Qd8 25. Qd4 f6 26. Ra3 e5 27. Qc5 Qb8 28. Rb3 Qc7 29. Reb1 Re7 30. Rb8+ Kg7 31. Ba6 Ba4 32. Qa3 Be8 33. R1b7 Rxa6 34. Qxa6 Qc5 35. Rxe8 Rxb7 36. Qxb7+ Kh6 37. Qb1 f4 38. h3 e4 39. Qd1 e3 40. fxe3 Qc6 41. Rg8 Qe6 42. Qg4 Qxe3+ 43. Kh2 1-0

[Event "Kalamaria op"]
[Site "Kalamaria"]
[Date "2004.04.24"]
[Round "8.4"]
[White "Athanasiadis, Mixalis"]
[Black "Bousios, Hristos"]
[Result "0-1"]
[WhiteElo "2045"]
[BlackElo "2244"]
[PlyCount "50"]
[EventDate "2004.04.25"]
[EventType "swiss"]
[EventRounds "9"]
[EventCountry "GRE"]
[SourceTitle "EXT 2024"]
[Source "ChessBase"]
[SourceDate "2023.10.10"]
[SourceVersion "1"]
[SourceVersionDate "2023.10.10"]
[SourceQuality "1"]

1. e4 c5 2. Nf3 e6 3. d4 cxd4 4. Nxd4 Nf6 5. Nc3 Nc6 6. Nxc6 bxc6 7. e5 Nd5 8. Ne4 Qa5+ 9. Bd2 Qb6 10. c4 Qxb2 11. f4 Qd4 12. Qb1 f5 13. cxd5 fxe4 14. dxe6 e3 15. exd7+ Bxd7 16. Ba5 Qc5 17. Be2 Qxa5+ 18. Kf1 Qc3 19. Bh5+ g6 20. Bxg6+ hxg6 21. Qxg6+ Kd8 22. Rd1 Qc4+ 23. Rd3 Qxf4+ 24. Ke2 Qf2+ 25. Kd1 e2+ 0-1

[Event "Kalamaria op"]
[Site "Kalamaria"]
[Date "2004.04.17"]
[Round "5.4"]
[White "Athanasiadis, Mixalis"]
[Black "Exizoglou, Dimitrios"]
[Result "0-1"]
[WhiteElo "2045"]
[BlackElo "2167"]
[PlyCount "52"]
[EventDate "2004.04.25"]
[EventType "swiss"]
[EventRounds "9"]
[EventCountry "GRE"]
[SourceTitle "EXT 2024"]
[Source "ChessBase"]
[SourceDate "2023.10.10"]
[SourceVersion "1"]
[SourceVersionDate "2023.10.10"]
[SourceQuality "1"]

1. e4 c5 2. Nf3 e6 3. d4 cxd4 4. Nxd4 Nc6 5. Nc3 Qc7 6. Be2 a6 7. 0-0 b5 8. a3 Bb7 9. Kh1 Nf6 10. f4 Nxd4 11. Qxd4 Bc5 12. Qd3 d5 13. Qg3 Nxe4 14. Nxe4 dxe4 15. Qxg7 0-0-0 16. Qc3 Rhg8 17. Be3 Rd5 18. b4 Bb6 19. Qb3 f5 20. c4 Rd3 21. Bxd3 exd3 22. Ra2 Bxe3 23. Qxd3 Qxc4 24. Qb1 Kb8 25. Re1 Be4 26. Qa1 Bd4 0-1